000 00431nam a22001697a 4500
003 NUST - PNEC
005 20170116181016.0
008 150914b xxu||||| |||| 00| 0 eng d
020 _a8129702304
040 _cLIBRARY
082 _a621.3848.EDD
100 _910456
_aEdde Byron
245 _aRadar Principles Technology Applications
_c Byron,Edde
260 _cc 1995
650 _910457
_aRadar
_xEE/ EL/MIS
942 _2ddc
_cBK
999 _c67262
_d67262